Challenges in Domestic and International Taxation: Emerging Experience (Record no. 176882)

MARC details
000 -LEADER
fixed length control field 00414nam a22001697a 4500
005 - DATE AND TIME OF LATEST TRANSACTION
control field 20260306133503.0
020 ## - INTERNATIONAL STANDARD BOOK NUMBER
ISBN 9789348196927
041 ## - LANGUAGE CODE
Language code of text/sound track or separate title English
082 ## - DEWEY DECIMAL CLASSIFICATION NUMBER
Classification number 343.04 R25 TUR
100 ## - MAIN ENTRY--AUTHOR NAME
Personal name Turner Billy
245 ## - TITLE STATEMENT
Title Challenges in Domestic and International Taxation: Emerging Experience
250 ## - EDITION STATEMENT
Edition statement 01
260 ## - PUBLICATION, DISTRIBUTION, ETC. (IMPRINT)
Place of publication New Delhi
Name of publisher Venus Books
Year of publication 2025
300 ## - PHYSICAL DESCRIPTION
Number of Pages 312
365 ## - TRADE PRICE
Price amount 2900.00
942 ## - ADDED ENTRY ELEMENTS (KOHA)
Koha item type Books
Holdings
Withdrawn status Lost status Home library Current library Date acquired Cost, normal purchase price Full call number Accession Number Cost, replacement price Department Koha item type
    PSG-CAS LIBRARY PSG-CAS LIBRARY 06/03/2026 2900.00 343.04 R25 TUR 153263 2900.00 Economics Books

Contact Us:

PSGCAS LIBRARY
Phone: 04224303300
Website: http://www.psgcas.ac.in/ | Email: psgcaslib@gmail.com


You are Visitor Number

web counter